000 00677nam a22002297a 4500
999 _c16027
_d16027
003 AR-CdUCM
008 190430b ||||| |||| 00| 0 spa d
040 _aMUNICIPALIDAD PROVINCIAL DEL CUSCO
_cBIBLIOTECA MUNICIPAL DEL CUSCO
041 _heng.
082 _a818.53 /
_bB92
100 _aBuck, Pearl S.
_9446
245 _aLa buena tierra /
260 _aBuenos Aires :
_bImp. Lopez,
300 _a309 paginas ;
_c20 cm.
505 _aContenido : Novela /
650 _aLiteratura estadounidense
_911000
650 _aNovelas
_9218
650 _aSiglo XX
_917062
700 _aElizabetn Mulder (traductor)
_935300
942 _2ddc
_cLIBROS
945 _arjall
_d2019-04-30